000
00202 a2200097 4500
001
19287
100
_a
Ryder, G H
245
_a
Theory of machines
260
_a
_b
Mc Graw Hill
_c
090
_c
14163
_d
14163
942
_a
NUST-CAE
_c
M
_c
4629
999
_c
254360
_d
254360